<?xml version="1.0" encoding="UTF-8"?>
<record
    xmlns:xsi="http://www.w3.org/2001/XMLSchema-instance"
    xsi:schemaLocation="http://www.loc.gov/MARC21/slim http://www.loc.gov/standards/marcxml/schema/MARC21slim.xsd"
    xmlns="http://www.loc.gov/MARC21/slim">

  <leader>02248nam a22002657a 4500</leader>
  <controlfield tag="003">OSt</controlfield>
  <controlfield tag="005">20210225151509.0</controlfield>
  <controlfield tag="008">210225s2019    ck ad||fr|||| 00| 0dspa d</controlfield>
  <datafield tag="020" ind1=" " ind2=" ">
    <subfield code="a">9789584880550</subfield>
  </datafield>
  <datafield tag="040" ind1=" " ind2=" ">
    <subfield code="a">CO-JMCR</subfield>
    <subfield code="c">CO-JMCR</subfield>
  </datafield>
  <datafield tag="041" ind1="0" ind2=" ">
    <subfield code="a">spa</subfield>
  </datafield>
  <datafield tag="082" ind1="0" ind2="4">
    <subfield code="a">658.4063 /</subfield>
    <subfield code="b">A495s</subfield>
    <subfield code="2">23</subfield>
  </datafield>
  <datafield tag="100" ind1="1" ind2=" ">
    <subfield code="a">Ambrad Chalela, Alejandro, </subfield>
    <subfield code="e">autor</subfield>
    <subfield code="9">11389</subfield>
  </datafield>
  <datafield tag="245" ind1="1" ind2="3">
    <subfield code="a">El secreto de la innovaci&#xF3;n / </subfield>
    <subfield code="c">Alejandro Ambrad Chalela </subfield>
  </datafield>
  <datafield tag="250" ind1=" " ind2=" ">
    <subfield code="a">Segunda edici&#xF3;n</subfield>
  </datafield>
  <datafield tag="260" ind1=" " ind2=" ">
    <subfield code="a">[Colombia] : </subfield>
    <subfield code="b">Mentes a la Carta Ediciones, </subfield>
    <subfield code="c">2019</subfield>
  </datafield>
  <datafield tag="300" ind1=" " ind2=" ">
    <subfield code="a">226 p&#xE1;gina : </subfield>
    <subfield code="b">ilustraciones y gr&#xE1;ficos a blanco y negro ; </subfield>
    <subfield code="c">23 cm.</subfield>
  </datafield>
  <datafield tag="500" ind1=" " ind2=" ">
    <subfield code="a">Incluye notas a pie de p&#xE1;gina y datos biogr&#xE1;ficos del autor.</subfield>
  </datafield>
  <datafield tag="504" ind1=" " ind2=" ">
    <subfield code="a">Bibliograf&#xED;a: p&#xE1;ginas 223-226</subfield>
  </datafield>
  <datafield tag="505" ind1="0" ind2=" ">
    <subfield code="a">El secreto de las mentes innovadoras -- El secreto de las empresas innovadoras -- El secreto de la innovaci&#xF3;n</subfield>
  </datafield>
  <datafield tag="520" ind1="3" ind2=" ">
    <subfield code="a">No sobresalen los mejores, sobresalen quienes se atreven a ser diferentes. Es la palabra de moda, todo el mundo habla sobre innovaci&#xF3;n. Pero son realmente pocas las personas y las empresas que se atreven a innovar y, entre las que se atreven, solo un peque&#xF1;o porcentaje lo hace con &#xE9;xito. Esto se debe a que, a diferencia de otras disciplinas, para innovar no basta con estudiar y aplicar m&#xE9;todos o t&#xE9;cnicas. Si queremos innovar con &#xE9;xito debemos cambiar radicalmente nuestra forma de pensar y de actuar dentro de nuestras empresas. Debemos atrevernos a romper muchos h&#xE1;bitos y creencias profundamente arraigados en nuestra cultura y nuestro ser. Este revolucionario libro habla de la innovaci&#xF3;n como nunca nadie lo hab&#xED;a hecho, derribando absolutamente todos los paradigmas que nos impiden atrevernos a innovar y hacerlo de la forma correcta. A trav&#xE9;s de m&#xFA;ltiples historias de empresas y personas de la vida real, desvelamos los verdaderos secretos que debes conocer si quieres transformar tu mente, preparar tu empresa y crear estrategias de negocio innovadoras y rentables.
Ante la asfixiante competencia que vivimos en pr&#xE1;cticamente todos los sectores econ&#xF3;micos, innovar se ha convertido en la &#xFA;nica forma de desmarcarnos de nuestros competidores.</subfield>
  </datafield>
  <datafield tag="650" ind1="1" ind2="4">
    <subfield code="a">Innovaciones industriales</subfield>
    <subfield code="9">13954</subfield>
  </datafield>
  <datafield tag="650" ind1="2" ind2="4">
    <subfield code="a">Cambio organizacional</subfield>
    <subfield code="9">11863</subfield>
  </datafield>
  <datafield tag="942" ind1=" " ind2=" ">
    <subfield code="2">ddc</subfield>
    <subfield code="c">BK</subfield>
  </datafield>
  <datafield tag="999" ind1=" " ind2=" ">
    <subfield code="c">7332</subfield>
    <subfield code="d">7332</subfield>
  </datafield>
</record>
